LEADER 01058nam--2200349---450- 001 990006019090203316 005 20150323110022.0 035 $a000601909 035 $aUSA01000601909 035 $a(ALEPH)000601909USA01 035 $a000601909 100 $a20150323d1980----km-y0itay50------ba 101 $aita 102 $aIT 105 $a||||||||001yy 200 1 $aSannio$ePentri e Frentani dal VI al I sec. a. C.$eIsernia, ottobre-dicembre 1980 210 $aRoma$cDe Luca$d1980 215 $a369 p. , 64 p. di tav.$cill.$d22 cm 300 $aIn testa al front. : Soprintendenza archeologica e per i Beni ambientali architettonici artistici e storici del Molise 410 0$12001 454 1$12001 461 1$1001-------$12001 606 0 $aSannio$xStoria$xArcheologia$2BNCF$zSec.8.-1. a.C. 676 $a913.77 801 0$aIT$bsalbc$gISBD 912 $a990006019090203316 951 $aAA 9,43$b1777 DSA/ISAA 959 $aBK 969 $aDSA 979 $aDSA$b90$c20150323$lUSA01$h1100 996 $aSannio$9296005 997 $aUNISA LEADER 00919nam a2200229 a 4500 001 991001270249707536 008 110616s2011 de 001 0 ger 020 $a9783775210270 035 $ab13988116-39ule_inst 040 $aDip.to Studi Storici$bita 100 0 $aPius$c $0177706 245 10$aDialogus /$cEneas Silvius Piccolomini ; herausgegeben von Duane R. Henderson 260 $aHannover :$bHahnsche buchhandlung,$c2011 300 $axcviii, 240 p. ;$c23 cm. 440 0$aMonumenta Germaniae historica.$pQuellen zur geistesgeschichte des mittelalters ;$v27 700 1 $aHenderson, Duane R. 907 $a.b13988116$b23-02-12$c16-06-11 912 $a991001270249707536 945 $aLE009 M.G.H. Quellen 27 $g1$lle009$o-$pE55.00$q-$rn$so $t0$u0$v0$w0$x0$y.i15287142$z22-06-11 996 $aDialogus$9247694 997 $aUNISALENTO 998 $ale023$ale009$b16-06-11$cm$da $e-$fger$gde $h0$i0